Budowa roweru - Statystyki

Ogólne statystyki
  • Ten quiz został rozwiązany 73 razy
  • Średni wynik to 4 z 19
Statystyki odpowiedzi
Hint Odpowiedź % Poprawnych
Układ kierowniczy Kierownica
84%
Układ napędowy Łańcuch
66%
Układ napędowy Pedały
64%
Układ jezdny Szprychy
31%
Układ kierowniczy Widelec
29%
Układ jezdny Obręcz
28%
Układ oświetleniowy Lampa przednia
21%
Układ oświetleniowy Lampa tylna/tylnia
17%
Układ hamulcowy Linka hamulcowa
16%
Układ jezdny Koło przednie
14%
Układ jezdny Koło tylne/tylnie
12%
Układ oświetleniowy Prądnica
9%
Układ jezdny Ogumienie
7%
Układ jezdny Piasta z łożyskami
7%
Układ oświetleniowy Światło odblaskowe
7%
Układ oświetleniowy Przewody elektryczne
3%
Układ hamulcowy Dźwignia hamulca
2%
Układ napędowy Koła zębate
2%
Układ hamulcowy Szczęki z gumowymi klockami
0%
Nie znaleziono quizów pasujących do podanych kryteriów
Rozkład punktacji
Procent ludzi z każdym wynikiem
Percentyl według liczby udzielonych odpowiedzi
Twoja historia wyników
Nie rozwiązałeś tego quizu